| 000 | 00825nam a22002057a 4500 | ||
|---|---|---|---|
| 999 |
_c15606 _d15606 |
||
| 003 | AR-CdUCM | ||
| 008 | 190429b ||||| |||| 00| 0 spa d | ||
| 040 |
_aMUNICIPALIDAD PROVINCIAL DEL CUSCO _cBIBLIOTECA MUNICIPAL DEL CUSCO |
||
| 082 |
_a574 / _bF917 / 1950 |
||
| 100 |
_aFrisch, Karl von _934732 |
||
| 245 |
_aTú y la vida : _bUna biología moderna para todos / |
||
| 260 |
_aBuenos Aires : _bEdit. Labor, _c1950. |
||
| 300 |
_a380 páginas ; _bIlustraciones, _c21 cm. |
||
| 505 | _aContenido: Los caracteres de la vida y los de su duración -- Los ladrillos con que esta construido el cuerpo de los animales y de las plantas -- Pigmeos inmortales... | ||
| 650 |
_aCuerpo Humano _921560 |
||
| 650 |
_aBiología _9881 |
||
| 650 |
_aPlantas y características _934733 |
||
| 942 |
_2ddc _cLIBROS |
||
| 945 |
_adavv _d29/04/2019 |
||